| 000 | 01176nam a22002417a 4500 | ||
|---|---|---|---|
| 005 | 20110722153014.0 | ||
| 008 | 110722t xxu||||| |||| 00| 0 mar d | ||
| 010 | _aMAR-21122 | ||
| 020 | _c175.00 | ||
| 035 | _aMR-13780 | ||
| 037 | _bDBAD/PUB | ||
| 040 |
_aDPL _bMR |
||
| 082 | _a915.4 | ||
| 100 |
_aकॉर्बेट,जिम _929957 |
||
| 245 |
_aमाय इंडिया / _cजिम कॉर्बेट : विश्वास बावे द्वारा अनुवादित |
||
| 246 |
_aMy India _bby Jim Corbet |
||
| 260 |
_aडोंबिवली((पश्चिम) _bआरती प्रकाशन _c2011 |
||
| 270 |
_aबी/12,आसावरी,गुप्ते पथ,विष्णूनगर _bडोंबिवली(पश्चिम) |
||
| 300 |
_aआठ,167पृ _c22सेमी(अजिल्द) |
||
| 700 |
_aभावे,विश्वास _929999 |
||
| 942 |
_2ddc _cMR _h915.4 _mकॉर्बेट |
||
| 999 |
_c54272 _d54272 |
||